[Event "Fast Game"]
[Site "www.echecsemail.com"]
[Date "2015.12.30"]
[Round "1"]
[White "Maredocla"]
[Black "Fkarpov"]
[WhiteElo "1890"]
[BlackElo "1900"]
[Result "0-1"]
[Round "1"]
1.e4 e5
2.Ng1f3 Ng8f6
3.Bf1c4 Nf6xe4
4.Nf3xe5 d5
5.Ne5xf7 Qd8e7
6.O-O Qe7xf7
7.Bc4xd5 Qf7xd5
8.Rf1e1 Kf7
9.Qd1f3 Ne4f6
10.Qf3g3 Bf8d6
11.Qg3h4 Rh8e8
12.Re1f1 g5
13.Qh4h6 Bd6f8
14.c4 Qd5f5
15.Qh6h3 Qf5xh3
16.gxh3 Bc8xh3
17.Rf1d1 Re8e4
18.f3 Re4e2
19.d3 Nb8c6
20.Nb1c3 Bf8c5
21.d4 Re2g2
22.Kh1 Nc6xd4
23.Bc1e3 Nd4xf3
24.Rd1d2 Nf3xd2
25.Be3xd2 Rg2xd2
{ resign }
0-1

[Event "Tourn. n8499"]
[Site "www.chess-mail.com"]
[Date "2015.12.31"]
[Round "1"]
[White "Norlavuaram"]
[Black "Jhw"]
[WhiteElo "2260"]
[BlackElo "2020"]
[Result "1-0"]
[Round "1"]
1.e4 h5
2.d4 e6
3.Nb1c3 a6
4.Ng1f3 Bf8e7
5.Bf1c4 b5
6.Bc4b3 Bc8b7
7.a3 g5
8.h3 f6
9.O-O h4
10.Nf3h2 c5
11.dxc5 Be7xc5
12.Bc1e3 Bc5xe3
13.fxe3 Qd8b6
14.Nh2g4 a5
15.Kh1  { time }
1-0

[Event "Tourn. n8301"]
[Site "www.chess-mail.com"]
[Date "2015.12.31"]
[Round "1"]
[White "Passaroa25"]
[Black "Carazo"]
[WhiteElo "1550"]
[BlackElo "1599"]
[Result "0-1"]
[Round "1"]
1.e4 e5
2.Ng1e2 Ng8f6
3.Ne2g3 Bf8c5
4.d3 d6
5.Bc1e3 Bc5xe3
6.fxe3 Nb8c6
7.c3 Bc8e6
8.Qd1d2 d5
9.Ng3f5 Be6xf5
10.exf5 Qd8d7
11.Qd2f2 O-O-O
12.Nb1a3 e4
13.g4 Rd8e8
14.d4 Nf6xg4
15.Qf2f4 Ng4f6
16.Bf1h3 Nf6h5
17.Qf4g5 Nh5f6
18.O-O-O Re8g8
19.Bh3f1 Nc6e7
20.Bf1b5 c6
21.Bb5f1 h6
22.Qg5f4 Ne7xf5
23.Bf1h3 g6
24.Kb1 Nf6h5
25.Qf4f2 Nh5f6
26.Qf2e2 Qd7c7
27.Rh1g1 Kb8
28.Rg1h1 Nf5d6
29.Rd1f1 Nd6e8
30.b4 Qc7d6
31.Na3c2 b5
32.a3 h5
33.Qe2g2 Qd6c7
34.Rf1g1 Ka8
35.Qg2f2 a5
36.Qf2f4 Qc7a7
37.Qf4e5 a4
38.Nc2e1 Nf6h7
39.Ne1g2 Nh7f6
40.Qe5g5 Nf6h7
41.Qg5f4 g5
42.Qf4e5 f6
43.Qe5e6 g4
44.Qe6xc6 Kb8
45.Ng2f4 Ne8c7
46.Bh3g2 Rg8c8
47.Nf4xh5 Nc7e8
48.Qc6xb5 Kc7
49.Qb5xd5 Ne8d6
50.Qd5c5 Qa7xc5
51.bxc5 Rc8b8
52.Kc2 Nd6c4
53.Bg2xe4 Nc4xa3
54.Kd3 Nh7f8
55.Nh5xf6 Nf8e6
56.Nf6d5 Kd8
57.Rg1xg4 Na3b5
58.h4 a3
59.c4 Nb5c7
60.Nd5c3 Rb8b3
61.d5 Ne6xc5
62.Kd4 Nc5a6
63.h5 Na6b4
64.h6 Nc7e8
65.c5 a2
66.Kc4 Rb3b2
67.Nc3a4 Rb2h2
68.Rg4g1 Rh8xh6
69.Kxb4 Ne8f6
70.Be4f3 Nf6g4
71.Bf3xg4 Rh2xh1
72.Rg1xh1 Rh6xh1
73.Bg4f3 Rh1b1
74.Ka3 a1Q

0-1

[Event "Tourn. n8495"]
[Site "www.chess-mail.com"]
[Date "2015.12.31"]
[Round "1"]
[White "Luban"]
[Black "Jhw"]
[WhiteElo "2030"]
[BlackElo "2010"]
[Result "1-0"]
[Round "1"]
1.d4 c6
2.c4 g6
3.e3 e6
4.Ng1f3 a5
5.Nb1c3 Bf8b4
6.Bc1d2 b6
7.Bf1d3 Ng8f6
8.O-O d5
9.cxd5 cxd5
10.Nf3e5 Nf6h5
11.Qd1a4 Nb8d7
12.Bd3b5 Nh5f6
13.Ra1c1 Bb4xc3
14.Rc1xc3 O-O
15.Ne5xd7 Nf6xd7
16.Bb5xd7 Bc8xd7
17.Qa4c2  { time }
1-0

[Event "Tourn. n8535"]
[Site "www.chess-mail.com"]
[Date "2015.12.31"]
[Round "1"]
[White "Powerchess"]
[Black "Mrmoto"]
[WhiteElo "1410"]
[BlackElo "1530"]
[Result "1-0"]
[Round "1"]
1.d4 d5
2.c4 dxc4
3.e3 e5
4.Bf1xc4 Bc8e6
5.Bc4xe6 fxe6
6.Qd1a4 Nb8c6
7.Ng1f3 e4
8.Nf3e5 Ng8e7
9.Nb1c3 a6
10.Ne5xc6 Ne7xc6
11.Nc3xe4 Qd8d5
12.f3 Qd5a5
13.Qa4xa5 Nc6xa5
14.Bc1d2 Na5c6
15.a3 O-O-O
16.Ne4g5 Rd8d7
17.Ng5xe6 Bf8e7
18.Bd2c3 Nc6d8
19.Ne6xd8 Rd7xd8
20.O-O-O g5
21.d5 Be7c5
22.e4 c6
23.Bc3xh8 { resign }
1-0

[Event "Tourn. n8504"]
[Site "www.chess-mail.com"]
[Date "2015.12.31"]
[Round "1"]
[White "Norlavuaram"]
[Black "Genius7"]
[WhiteElo "2260"]
[BlackElo "2020"]
[Result "1/2-1/2"]
[Round "1"]
1.e4 c6
2.d4 d5
3.exd5 cxd5
4.c4 Ng8f6
5.Nb1c3 e6
6.Ng1f3 Nb8c6
7.Bc1g5 Bf8e7
8.Bf1d3 O-O
9.O-O Nc6b4
10.cxd5 exd5
11.Bd3b1 Rf8e8
12.a3 Nb4c6
13.Qd1d3 g6
14.Rf1e1 Bc8f5
15.Qd3d1 Bf5xb1
16.Ra1xb1 Qd8d7
17.Nf3e5 Qd7d8
18.Ne5xc6 bxc6
19.Qd1f3 Nf6d7
20.Bg5xe7 Re8xe7
{ draw }
1/2-1/2

[Event "Tourn. n8512"]
[Site "www.chess-mail.com"]
[Date "2015.12.31"]
[Round "1"]
[White "Genius7"]
[Black "Norlavuaram"]
[WhiteElo "2050"]
[BlackElo "2180"]
[Result "1-0"]
[Round "1"]
1.d4 Ng8f6
2.Bc1g5 e6
3.e4 Bf8e7
4.e5 Nf6d5
5.Bg5xe7 Qd8xe7
6.c3 O-O
7.Ng1f3 c5
8.dxc5 Qe7xc5
9.Bf1e2 Nb8c6
10.Be2d3 Nd5f4
11.O-O Nf4xd3
12.Qd1xd3 Nc6xe5
13.Nf3xe5 d5
14.Nb1d2 f6
15.Nd2b3 Qc5e7
16.Ne5f3 { resign }
1-0

[Event "Tourn. n8487"]
[Site "www.chess-mail.com"]
[Date "2015.12.31"]
[Round "1"]
[White "Estonia"]
[Black "Lyko"]
[WhiteElo "1990"]
[BlackElo "1879"]
[Result "1-0"]
[Round "1"]
1.Ng1f3 d5
2.d4 Ng8f6
3.c4 c6
4.e3 e6
5.Nb1c3 Bf8d6
6.Bf1d3 O-O
7.cxd5 cxd5
8.O-O Nb8d7
9.e4 dxe4
10.Nc3xe4 Nf6xe4
11.Bd3xe4 Nd7f6
12.Bc1g5 h6
13.Bg5xf6 Qd8xf6
14.Be4c2 Rf8d8
15.Qd1d3 g6
16.Rf1d1 e5
17.d5 Rd8e8
18.Qd3b3 e4
19.Nf3e1 Bd6c5
20.Qb3g3 Bc8g4
21.Ne1f3 Bg4xf3
22.gxf3 exf3
23.Bc2b3 Re8e2
24.Rd1f1 Ra8e8
25.Ra1d1 Bc5d6
26.Qg3h3 Qf6g5
27.Kh1 Qg5f4
28.Qh3g3 Qf4f6
29.Qg3h3 Qf6xb2
30.Qh3xf3 Re8e5
31.Rd1c1 Re5h5
32.Rc1e1 Rh5xh2
33.Kg1 Re2xf2
34.Rf1xf2 Rh2xf2
35.Re1e8 Kg7
36.Qf3xf2 { resign }
1-0

[Event "Tourn. n8524"]
[Site "www.chess-mail.com"]
[Date "2015.12.31"]
[Round "1"]
[White "Faerieking"]
[Black "Cathar"]
[WhiteElo "2250"]
[BlackElo "2310"]
[Result "1/2-1/2"]
[Round "1"]
1.e4 c5
2.d4 cxd4
3.c3 dxc3
4.Nb1xc3 Nb8c6
5.Ng1f3 d6
6.Bf1c4 e6
7.O-O Bf8e7
8.Qd1e2 Ng8f6
9.Rf1d1 e5
10.h3 O-O
11.Bc1g5 Bc8e6
12.Bc4d5 Nf6xd5
13.exd5 Be7xg5
14.dxc6 bxc6
15.Nf3xe5 Qd8c7
16.Ne5f3 Bg5e7
17.Ra1c1 Rf8e8
18.Nc3b5 Qc7b8
19.Nb5d4 Be6d7
20.Qe2c2 Re8c8
21.Qc2e4 Be7f6
22.Nd4xc6 Qb8xb2
23.Nc6e7 Bf6xe7
24.Rc1xc8 Ra8xc8
25.Qe4xe7 Bd7e6
26.Rd1xd6 { draw }
1/2-1/2

[Event "Tourn. n8505"]
[Site "www.chess-mail.com"]
[Date "2015.12.31"]
[Round "1"]
[White "Jhw"]
[Black "Expert"]
[WhiteElo "2040"]
[BlackElo "1850"]
[Result "0-1"]
[Round "1"]
1.c4 c5
2.e3 e6
3.Ng1f3 Nb8c6
4.a3 d5
5.cxd5 exd5
6.Bf1b5 Bc8d7
7.Bb5xc6 Bd7xc6
8.O-O Ng8f6
9.Nb1c3 Bf8e7
 { time }
0-1

[Event "Tourn. n8556"]
[Site "www.chess-mail.com"]
[Date "2015.12.31"]
[Round "1"]
[White "Faerieking"]
[Black "Tonino1"]
[WhiteElo "2280"]
[BlackElo "2030"]
[Result "1-0"]
[Round "1"]
1.e4 c5
2.d4 cxd4
3.c3 dxc3
4.Bf1c4 cxb2
5.Bc1xb2 e6
6.Ng1f3 d6
7.O-O Nb8c6
8.Qd1e2 Ng8f6
9.Rf1d1 Qd8c7
10.Nb1c3 Bf8e7
11.Nc3b5 Qc7b8
12.e5 Nc6xe5
13.Nf3xe5 dxe5
14.Bb2xe5 { resign }
1-0

[Event "Tourn. n8375"]
[Site "www.chess-mail.com"]
[Date "2015.12.31"]
[Round "1"]
[White "Madz123456"]
[Black "Sontuozio"]
[WhiteElo "2220"]
[BlackElo "2050"]
[Result "0-1"]
[Round "1"]
1.e4 e6
2.d4 d5
3.Nb1c3 dxe4
4.Nc3xe4 Nb8d7
5.Ng1f3 Ng8f6
6.Ne4xf6 Nd7xf6
7.Bc1g5 Bf8e7
8.Bf1d3 O-O
9.Qd1e2 c5
10.O-O-O Qd8a5
11.Kb1 cxd4
12.Nf3e5 Nf6d5
13.Bg5xe7 Nd5xe7
14.Qe2e4 f5
15.Qe4xd4 Rf8d8
16.Qd4h4 Qa5xe5
17.Qh4xe7 Qe5f6
18.Qe7xf6 gxf6
19.Bd3c4 Rd8xd1
20.Rh1xd1 Kf7
21.Rd1d8 a6
22.a4 Ke7
23.Rd8h8 Kd6
24.a5 f4
25.Kc1 e5
26.Kd2 h5
27.Rh8f8 Ke7
28.Rf8f7 Kd8
29.Rf7xf6 Bc8d7
30.Rf6f8 Bd7e8
31.Bc4f7 Ke7
32.Rf8xe8 Ra8xe8
33.Bf7xe8 Kxe8
34.Kd3 Ke7
35.Ke4 Ke6
36.c4 h4
37.b4 Kf6
38.h3 Ke6
39.f3 Kf6
40.Kd5 Kf5
41.b5 Kf6
42.Kd6 Kf5
43.bxa6 bxa6
44.c5 e4
45.c6 e3
46.c7 e2
 { time }
0-1

[Event "Tourn. n8510"]
[Site "www.chess-mail.com"]
[Date "2015.12.31"]
[Round "1"]
[White "Norlavuaram"]
[Black "Genius7"]
[WhiteElo "2220"]
[BlackElo "2050"]
[Result "0-1"]
[Round "1"]
1.e4 e5
2.Ng1f3 Nb8c6
3.Bf1b5 a6
4.Bb5a4 d6
5.c3 f5
6.d3 Bf8e7
7.O-O Ng8f6
8.Nb1d2 O-O
9.Ba4c2 fxe4
10.Nd2xe4 Nf6xe4
11.dxe4 Bc8g4
12.Qd1d5 Kh8
13.Nf3d2 Be7f6
14.h3 Bg4h5
15.Nd2c4 Bh5f7
16.Qd5d1 Bf7xc4
17.Rf1e1 Bc4e6
{ resign }
0-1

[Event "Tourn. n8456"]
[Site "www.chess-mail.com"]
[Date "2015.12.31"]
[Round "1"]
[White "Jackbauer"]
[Black "Powerchess"]
[WhiteElo "1399"]
[BlackElo "1390"]
[Result "1-0"]
[Round "1"]
1.e4 c5
2.f4 d5
3.e5 Nb8c6
4.Bf1b5 Bc8d7
5.Ng1f3 e6
6.O-O Qd8b6
7.c4 d4
8.d3 a6
9.Bb5xc6 Bd7xc6
10.b3 Ng8h6
11.h3 Bf8e7
12.Rf1e1 O-O
13.Nb1d2 Nh6f5
14.Nd2f1 Qb6c7
15.a4 b5
16.a5 bxc4
17.bxc4 Ra8b8
18.g4 Nf5h6
19.Nf1g3 Bc6xf3
20.Qd1xf3 Qc7b7
21.Qf3e2 Be7h4
22.Qe2f2 Qb7b3
23.Ra1a3 Qb3b4
24.f5 exf5
25.gxf5 Bh4xg3
26.Qf2xg3 Nh6xf5
27.Qg3f2 Nf5e3
28.Ra3a1 Rf8e8
29.Bc1xe3 dxe3
30.Qf2xe3 f6
31.e6 Rb8d8
32.Re1b1 Qb4c3
33.Rb1d1 Rd8d4
34.e7 Rd4d7
35.Qe3e6 { resign }
1-0

[Event "Tourn. n8472"]
[Site "www.chess-mail.com"]
[Date "2015.12.31"]
[Round "1"]
[White "Jhw"]
[Black "Fred"]
[WhiteElo "1920"]
[BlackElo "2030"]
[Result "0-1"]
[Round "1"]
1.c4 e5
2.e3 f5
3.a3 Ng8f6
4.Nb1c3 c6
5.Bf1e2 Bf8c5
6.b4 Bc5b6
7.Be2h5 g6
8.c5 Nf6xh5
9.cxb6 axb6
10.Qd1b3 d5
11.Bc1b2 Bc8e6
12.Ng1e2 Nb8d7
13.d4 Qd8g5
14.g3 Nh5f6
15.f4 exf4
16.Ne2xf4 Be6f7
17.Nc3e2 Nf6e4
18.h4 Qg5g4
19.Rh1g1 O-O
20.O-O-O Nd7f6
21.b5 Nf6h5
22.bxc6 bxc6
23.Nf4xh5 Qg4xh5
24.Ne2f4 Qh5g4
25.Qb3xb6 Ne4xg3
26.Kb1 Rf8c8
27.Rd1c1 Ra8b8
28.Qb6c5 Qg4f3
29.Qc5c3 h6
30.h5 g5
31.Nf4g2 Ng3e2
32.Qc3c2 Ne2xc1
33.Qc2xc1 Bf7xh5
34.Qc1d2 Bh5g6
 { time }
0-1

[Event "Tourn. n8477"]
[Site "www.chess-mail.com"]
[Date "2015.12.31"]
[Round "1"]
[White "Libiesse"]
[Black "Genius7"]
[WhiteElo "2050"]
[BlackElo "1900"]
[Result "1-0"]
[Round "1"]
1.d4 d5
2.c4 dxc4
3.Ng1f3 Ng8f6
4.Qd1a4 c6
5.Qa4xc4 Qd8d5
6.Qc4a4 b5
7.Qa4d1 e6
8.Nb1c3 Bf8b4
9.Qd1c2 Nf6e4
10.e3 O-O
11.Bc1d2 Bb4xc3
12.Bd2xc3 Ne4xc3
13.Qc2xc3 Bc8b7
14.Bf1d3 a5
15.O-O b4
16.Qc3c4 Nb8d7
17.Qc4c2 Nd7f6
18.Nf3e5 Rf8c8
19.Ne5c4 Qd5d8
20.b3 c5
21.dxc5 Rc8xc5
22.Ra1d1 Qd8e7
23.Qc2b1 Bb7d5
24.Nc4b6 Ra8d8
25.Nb6xd5 Rc5xd5
26.Bd3c4 Rd5xd1
27.Rf1xd1 Rd8xd1
28.Qb1xd1 g6
29.h3 Kg7
30.Qd1d4 Kg8
31.Qd4b6 Qe7d7
32.Qb6xa5 Nf6e4
33.Qa5a8 Kg7
34.Qa8xe4 { resign }
1-0

[Event "Tourn. n8437"]
[Site "www.chess-mail.com"]
[Date "2015.12.31"]
[Round "1"]
[White "Ditto"]
[Black "Naujzaid"]
[WhiteElo "1830"]
[BlackElo "1900"]
[Result "0-1"]
[Round "1"]
1.e4 c5
2.Bf1b5 a6
3.Bb5c4 e6
4.Ng1f3 b5
5.Bc4e2 Bc8b7
6.d3 d6
7.Bc1f4 Nb8c6
8.O-O Ng8f6
9.Nb1c3 Bf8e7
10.Qd1d2 O-O
11.e5 dxe5
12.Nf3xe5 b4
13.Nc3d1 Ra8a7
14.b3 Nc6xe5
15.Bf4xe5 Qd8d5
16.Be2f3 Qd5xe5
17.Ra1b1 Bb7xf3
18.Rf1e1 Qe5h5
19.Qd2f4 Bf3xd1
20.Rb1xd1 Nf6d5
21.Qf4e4 Nd5c3
22.Qe4f4 Nc3xd1
23.d4 Nd1c3
24.h3 Qh5g6
25.Qf4d2 cxd4
26.Qd2xd4 Ra7c7
27.Qd4b6 Rc7d7
28.Re1e3 Nc3d5
29.Qb6xa6 Nd5xe3
30.fxe3 Rd7d2
31.Qa6a7 { time. }
0-1

[Event "Tourn. n8510"]
[Site "www.chess-mail.com"]
[Date "2015.12.31"]
[Round "1"]
[White "Norlavuaram"]
[Black "Heiserman"]
[WhiteElo "2270"]
[BlackElo "2140"]
[Result "0-1"]
[Round "1"]
1.e4 c6
2.d4 d5
3.exd5 cxd5
4.c4 dxc4
5.Bf1xc4 Ng8f6
6.Ng1f3 e6
7.O-O Bf8e7
8.Nb1c3 O-O
9.Bc1f4 Nb8d7
10.d5 exd5
11.Nc3xd5 Nf6xd5
12.Bc4xd5 Nd7f6
13.Bd5b3 Qd8xd1
14.Ra1xd1 Be7c5
15.Rd1c1 b6
16.Bf4e5 Bc8b7
17.h3 Rf8d8
18.Nf3g5 Bb7d5
19.Be5xf6 gxf6
20.Bb3xd5 Rd8xd5
21.Ng5e4 Kg7
22.Rf1d1 Bc5d4
23.Ne4c3 Rd5d7
24.Rd1d3 Bd4xf2
{ resign }
0-1

[Event "Tourn. n8431"]
[Site "www.chess-mail.com"]
[Date "2015.12.31"]
[Round "1"]
[White "Yangqi"]
[Black "Madz123456"]
[WhiteElo "2550"]
[BlackElo "2410"]
[Result "1-0"]
[Round "1"]
1.e4 c5
2.Ng1f3 d6
3.d4 cxd4
4.Nf3xd4 Ng8f6
5.f3 e5
6.Nd4b3 Bc8e6
7.c4 Nb8d7
8.Bc1e3 Ra8c8
9.Nb1c3 Bf8e7
10.Nc3b5 O-O
11.Nb5xa7 Rc8xc4
12.Bf1xc4 Be6xc4
13.Qd1d2 d5
14.Ra1c1 Qd8a8
15.exd5 Bc4xd5
16.Na7b5 Qa8xa2
17.Nb3c5 Bd5c6
18.Nb5c3 Qa2c4
19.Nc5xd7 Bc6xd7
20.Qd2e2 Qc4e6
21.O-O h6
22.Qe2f2 Rf8c8
23.Rc1a1 Be7b4
24.Ra1c1 Kh8
25.Rf1d1 Bd7c6
26.h3 Kg8
27.Qf2h4 Bb4e7
28.Qh4g3 Nf6h5
29.Qg3f2 Rc8e8
30.Rd1d2  { time }
1-0

[Event "Tourn. n8489"]
[Site "www.chess-mail.com"]
[Date "2015.12.31"]
[Round "1"]
[White "Expert"]
[Black "Jhw"]
[WhiteElo "1840"]
[BlackElo "1960"]
[Result "1-0"]
[Round "1"]
1.Ng1f3 d5
2.d4 e6
3.c3 c5
4.e3 c4
5.b3 Bc8d7
6.bxc4 dxc4
7.Bf1xc4 Ng8f6
8.O-O b5
9.Bc4b3 h6
10.Qd1e2 Nf6e4
11.Bc1b2 Qd8b6
12.Nb1d2 Ne4xd2
13.Qe2xd2  { time }
1-0

[Event "Tourn. n8556"]
[Site "www.chess-mail.com"]
[Date "2015.12.31"]
[Round "1"]
[White "Karpawn"]
[Black "Faerieking"]
[WhiteElo "2079"]
[BlackElo "2280"]
[Result "1-0"]
[Round "1"]
1.e4 d5
2.exd5 Ng8f6
3.d4 Bc8g4
4.f3 Bg4f5
5.Bf1b5 Nb8d7
6.c4 a6
7.Bb5a4 e6
8.dxe6 Bf8b4
9.Bc1d2 Bb4xd2
10.Nb1xd2 fxe6
11.Ng1e2 O-O
12.O-O c5
13.Ba4xd7 Nf6xd7
14.Nd2b3 Qd8b6
15.Rf1e1 cxd4
16.Qd1xd4 Qb6c7
17.Ne2g3 Ra8c8
18.Ng3xf5 exf5
19.Re1e7 Rf8f7
20.Qd4d5 { resign }
1-0

[Event "Tourn. n8519"]
[Site "www.chess-mail.com"]
[Date "2015.12.31"]
[Round "1"]
[White "Louis"]
[Black "Bluetealeaf"]
[WhiteElo "1850"]
[BlackElo "1760"]
[Result "0-1"]
[Round "1"]
1.Ng1f3 f6
2.e4 e5
3.Nb1c3 c6
4.d4 Bf8d6
5.dxe5 fxe5
6.Qd1xd6 Qd8e7
7.Qd6xe7 Ng8xe7
8.Nf3xe5 d6
9.Ne5f3 Nb8d7
10.Bc1f4 Nd7f6
11.Bf4xd6 Ne7g6
12.Bf1c4 b5
13.Bc4b3 Kd7
14.Ra1d1 Kd8
15.Bd6f8 Nf6d7
16.Bf8xg7 Rh8e8
17.Nf3d4 Bc8b7
{ resign }
0-1

[Event "Tourn. n8464"]
[Site "www.chess-mail.com"]
[Date "2015.12.31"]
[Round "1"]
[White "Seger"]
[Black "Yangqi"]
[WhiteElo "2730"]
[BlackElo "2550"]
[Result "1-0"]
[Round "1"]
1.d4 d5
2.c4 dxc4
3.e3 e5
4.Bf1xc4 exd4
5.exd4 Ng8f6
6.Qd1b3 Qd8e7
7.Ng1e2 Qe7b4
8.Nb1c3 Qb4xb3
9.Bc4xb3 Bf8d6
10.Bc1g5 Bc8e6
11.d5 Be6d7
12.Bg5xf6 gxf6
13.O-O-O Rh8g8
14.g3 Nb8a6
15.Ne2d4 O-O-O
16.Nc3e4 Bd6e7
17.d6 cxd6
18.Ne4c3 Na6c5
19.Bb3c2 Rg8g5
20.h4 Rg5h5
21.f3 Be7f8
22.g4 Rh5e5
23.Bc2xh7 Nc5e6
24.Bh7c2 Ne6xd4
25.Rd1xd4 Bd7c6
26.Rh1f1 d5
27.b4 Kb8
28.Bc2f5 a5
29.a3 Bf8h6
30.f4 axb4
31.axb4 Re5e3
32.Kd2 Re3h3
33.b5 Rh3h2
34.Ke3 Bc6d7
35.Bf5xd7 Rd8xd7
36.Rd4xd5 Rd7xd5
37.Nc3xd5 Rh2xh4
38.Kf3 Bh6f8
39.Rf1e1 Bf8c5
40.Re1e8 Ka7
41.Re8c8 Bc5d6
42.Rc8d8 Bd6c5
43.Rd8d7 f5
44.g5 Rh4h3
45.Ke2 { resign }
1-0

[Event "Tourn. n8336"]
[Site "www.chess-mail.com"]
[Date "2015.12.31"]
[Round "1"]
[White "Loper10"]
[Black "Numanoid"]
[WhiteElo "2600"]
[BlackElo "2500"]
[Result "1-0"]
[Round "1"]
1.Ng1f3 g6
2.e4 d6
3.d4 Ng8f6
4.Nb1c3 Bf8g7
5.h3 O-O
6.Bf1c4 Nf6xe4
7.Nc3xe4 d5
8.Bc4d3 dxe4
9.Bd3xe4 c5
10.c3 cxd4
11.Nf3xd4 e5
12.Nd4b3 Nb8d7
13.O-O Qd8c7
14.Qd1e2 Nd7b6
15.Rf1d1 Bc8e6
16.Bc1e3 f5
17.Be3xb6 Qc7xb6
18.Be4d5 Ra8d8
19.Qe2c4 Be6xd5
20.Rd1xd5 Qb6e6
21.Ra1d1 Rd8xd5
22.Rd1xd5 b6
23.Nb3d2 Bg7f6
24.Rd5d6 Qe6xc4
25.Nd2xc4 e4
26.Kf1 Kg7
27.Ke2 h5
28.a4 Rf8d8
29.Rd6c6 Rd8d7
30.g3 Kf7
31.a5 bxa5
32.Rc6a6 Kg7
33.h4 Rd7b7
34.Ra6xa5 Rb7c7
35.Nc4d6 Kf8
36.Ra5a6 Bf6e5
37.Ke3 Kg8
38.Nd6b5 Rc7b7
39.Nb5a3 Kf7
40.Na3c4 Be5b8
41.Ra6a5  { time }
1-0

[Event "Tourn. n8413"]
[Site "www.chess-mail.com"]
[Date "2015.12.31"]
[Round "1"]
[White "Schwiizer"]
[Black "Aperturaf"]
[WhiteElo "2770"]
[BlackElo "2390"]
[Result "1-0"]
[Round "1"]
1.e4 e6
2.d4 d5
3.Nb1d2 a6
4.Bf1d3 c5
5.dxc5 Bf8xc5
6.Qd1e2 Ng8f6
7.Ng1f3 Nb8c6
8.O-O O-O
9.e5 Nf6d7
10.Nd2b3 h6
11.c3 Bc5a7
12.Nb3d4 Rf8e8
13.g4 Nd7c5
14.Bd3c2 Bc8d7
15.g5 Nc6xd4
16.Nf3xd4 Ra8c8
17.Qe2h5 g6
18.Qh5xh6 Nc5e4
19.Rf1d1 Re8e7
20.a4 Qd8c7
21.Bc1f4 Qc7b6
22.Ra1b1 Qb6d8
23.h4 Qd8f8
24.Kg2 Bd7e8
25.f3 Ne4c5
26.Rb1a1 Qf8g7
27.h5 Nc5d7
28.Rd1d2 Nd7b6
29.Kg3 Nb6d7
30.Rd2h2 Qg7xh6
31.gxh6 Nd7f8
32.Ra1d1 Kh7
33.a5 b6
34.axb6 Ba7xb6
35.hxg6 fxg6
36.Bf4e3 a5
37.Rd1a1 Re7b7
38.f4 a4
39.Ra1a2 Rc8a8
40.Kg4 Ra8a7
41.Be3f2 Ra7a6
42.Nd4f3 Bb6xf2
43.Nf3g5 Kh8
44.Rh2xf2 Rb7b8
45.Rf2f1 Rb8a8
46.Rf1a1 Ra6a7
47.Kg3 Ra7a6
48.Ra2a3 Nf8h7
49.Ng5f3 Kg8
50.Kg4 Kh8
51.b4 Nh7f8
52.Nf3d4 Kh7
53.Kg5 { resign }
1-0

[Event "Tourn. n8396"]
[Site "www.chess-mail.com"]
[Date "2015.12.31"]
[Round "1"]
[White "Numanoid"]
[Black "Seger"]
[WhiteElo "2550"]
[BlackElo "2760"]
[Result "0-1"]
[Round "1"]
1.e4 e5
2.Ng1f3 d5
3.exd5 e4
4.Qd1e2 Ng8f6
5.d3 Qd8xd5
6.Nb1d2 Nb8c6
7.dxe4 Qd5e6
8.Qe2c4 a6
9.c3 Bf8d6
10.Qc4xe6 Bc8xe6
11.Bf1d3 O-O
12.O-O Ra8d8
13.Bd3c2 Rf8e8
14.Rf1e1 Nf6g4
15.h3 Ng4e5
16.Nf3xe5 Nc6xe5
17.Nd2b3 c5
18.f4 Ne5c4
19.e5 Bd6e7
20.Re1e2 b5
21.Nb3d2 f6
22.f5 Be6d5
23.e6 Nc4e5
24.Nd2e4 c4
25.b4 g6
 { time }
0-1

[Event "Tourn. n8503"]
[Site "www.chess-mail.com"]
[Date "2015.12.31"]
[Round "1"]
[White "Gatrooper"]
[Black "Redabond"]
[WhiteElo "1580"]
[BlackElo "1610"]
[Result "1-0"]
[Round "1"]
1.e4 e5
2.a3 Bf8c5
3.d3 Ng8f6
4.Bc1e3 Bc5xe3
5.fxe3 O-O
6.h3 d6
7.Ng1f3 c6
8.Nb1c3 Bc8e6
9.d4 exd4
10.exd4 Rf8e8
11.e5 dxe5
12.Nf3xe5 Nb8d7
13.Ne5xd7 Be6xd7
14.Bf1e2 Nf6d5
15.Nc3xd5 cxd5
16.O-O Qd8b6
17.Kh1 Qb6xb2
18.Be2d3 Qb2xd4
19.Qd1f3 Bd7e6
20.Ra1d1 Qd4h4
21.Bd3f5 Be6xf5
22.Qf3xf5 d4
23.Qf5xf7 Kh8
24.c3 dxc3
25.Rd1d7 Qh4g5
26.Kh2 Qg5e5
27.g3 Qe5e2
28.Rf1f2 Qe2e5
29.Rd7xb7 Ra8c8
30.Rf2c2 Re8f8
31.Qf7d7 Rf8d8
32.Qd7g4 Rd8d2
33.Rc2xd2 cxd2
34.Qg4xc8 { resign }
1-0

[Event "Tourn. n8467"]
[Site "www.chess-mail.com"]
[Date "2015.12.31"]
[Round "1"]
[White "Chesspower"]
[Black "Roque1"]
[WhiteElo "1600"]
[BlackElo "1640"]
[Result "0-1"]
[Round "1"]
1.c4 e6
2.Nb1c3 Bf8b4
3.Ng1f3 Nb8c6
4.d4 Ng8f6
5.Bc1d2 Bb4xc3
6.Bd2xc3 O-O
7.Qd1c2 d5
8.e3 Nf6e4
9.Bf1d3 f5
10.Nf3e5 Nc6xe5
11.dxe5 Qd8g5
12.O-O Bc8d7
13.cxd5 exd5
14.Bd3xe4 fxe4
15.Kh1 Bd7b5
16.Rf1d1 Bb5d3
17.Qc2d2 c5
18.b3 b5
19.a3 Rf8f5
20.b4 c4
21.Bc3d4 Ra8f8
22.f4 Qg5g4
23.Rd1e1 Rf5h5
24.Qd2d1 Qg4g3
25.h3 Rf8f5
26.Qd1d2 c3
27.Bd4xc3 Rh5h4
28.Ra1c1 Rf5h5
{ resign }
0-1

[Event "Match"]
[Site "www.echecsemail.com"]
[Date "2015.12.31"]
[Round "1"]
[White "Jhw"]
[Black "Karlgrocer"]
[WhiteElo "1950"]
[BlackElo "1980"]
[Result "0-1"]
[Round "1"]
1.c4 e6
2.e3 Bf8e7
3.a3 Ng8f6
4.Nb1c3 O-O
5.d4 a6
6.Bf1d3 c6
7.g3 d5
8.c5 Nb8d7
9.b4 e5
10.e4 exd4
11.Nc3e2 Nd7e5
12.Ne2xd4 dxe4
13.Bd3e2 Bc8d7
14.Bc1f4 Ne5g6
15.f3 Ng6xf4
16.gxf4 exf3
17.Ng1xf3 Nf6d5
18.h4 Nd5c3
19.Qd1d3 Nc3d5
20.Nf3g5 g6
21.h5 Be7xg5
 { time }
0-1

[Event "Match"]
[Site "www.echecsemail.com"]
[Date "2015.12.31"]
[Round "1"]
[White "Hundegana"]
[Black "Jhw"]
[WhiteElo "1950"]
[BlackElo "2030"]
[Result "1-0"]
[Round "1"]
1.c4 g6
2.d4 c5
3.d5 Bf8g7
4.Qd1c2 e6
5.d6 Nb8c6
6.Ng1f3 a6
7.a3 b5
8.cxb5 axb5
9.Qc2xc5 b4
10.a4 Nc6a5
11.Qc5xb4 Ra8a6
12.Ra1a3 Na5b7
13.e3 Ra6b6
14.Qb4d2 Rb6xd6
15.Ra3d3  { time }
1-0

[Event "Match"]
[Site "www.echecsemail.com"]
[Date "2015.12.31"]
[Round "1"]
[White "Wagner"]
[Black "Jhw"]
[WhiteElo "1700"]
[BlackElo "2030"]
[Result "1-0"]
[Round "1"]
1.e4 c5
2.Bf1c4 d6
3.h3 Bc8d7
4.Qd1f3 f6
5.Qf3h5 g6
6.Qh5d5 e6
7.Qd5xb7 Nb8c6
8.Qb7b3 Nc6d4
9.Qb3d3 Qd8a5
10.b3 g5
11.Ng1e2 Nd4xe2
12.Qd3xe2 h5
13.Nb1c3 Bf8g7
14.Bc1b2 Ng8e7
15.a4 Ra8b8
16.O-O f5
17.f3  { time }
1-0

[Event "Match"]
[Site "www.echecsemail.com"]
[Date "2015.12.31"]
[Round "1"]
[White "Jhw"]
[Black "Andregor"]
[WhiteElo "1960"]
[BlackElo "2430"]
[Result "0-1"]
[Round "1"]
1.d4 e6
2.a4 Ng8f6
3.Bc1f4 c5
4.Ng1f3 cxd4
5.Nf3xd4 e5
6.Bf4xe5 Qd8a5
7.c3 Qa5xe5
8.e3 Nb8c6
9.f4 Qe5xe3
10.Qd1e2 Qe3xe2
11.Bf1xe2 d5
12.Nd4xc6 bxc6
13.Nb1d2 Bf8c5
14.b4 Bc5e3
15.g3 Bc8f5
16.O-O-O Nf6e4
17.Kc2 Ne4xd2
 { time }
0-1

[Event "Match"]
[Site "www.echecsemail.com"]
[Date "2015.12.31"]
[Round "1"]
[White "Karlgrocer"]
[Black "Jhw"]
[WhiteElo "1960"]
[BlackElo "1920"]
[Result "1-0"]
[Round "1"]
1.Ng1f3 d5
2.d4 f6
3.e3 a6
4.Bf1e2 g6
5.O-O Qd8d6
6.Nb1d2 Bc8d7
7.c4 e5
8.cxd5 Qd6xd5
9.b3 c5
10.dxe5 fxe5
11.Bc1b2 Bf8d6
12.Nd2c4 Qd5xd1
13.Rf1xd1 Bd6e7
14.Nf3xe5 Be7f6
15.Rd1d2 Bd7e6
16.Nc4d6 Ke7
17.Nd6xb7 Ke8
18.Nb7xc5 Be6c8
19.Ra1d1 Bc8f5
20.Be2c4  { time }
1-0

[Event "Match"]
[Site "www.echecsemail.com"]
[Date "2015.12.31"]
[Round "1"]
[White "Jhw"]
[Black "Fangshuo"]
[WhiteElo "1890"]
[BlackElo "2140"]
[Result "0-1"]
[Round "1"]
1.d4 c5
2.c4 cxd4
3.Qd1xd4 Nb8c6
4.Qd4h4 Qd8b6
5.e3 e6
6.Bf1d3 Bf8e7
7.Qh4h3 Ng8f6
8.a3 Nc6e5
9.Bd3e2 Nf6e4
10.g3 Qb6b3
11.Nb1c3 Ne4xc3
12.bxc3 Qb3xc3
 { time }
0-1

[Event "Match"]
[Site "www.echecsemail.com"]
[Date "2015.12.31"]
[Round "1"]
[White "Gimmyg"]
[Black "Goofy"]
[WhiteElo "2450"]
[BlackElo "2260"]
[Result "1-0"]
[Round "1"]
1.d4 e6
2.Ng1f3 f5
3.Bc1f4 Ng8f6
4.e3 g6
5.Bf1e2 Bf8g7
6.h4 d6
7.Nb1d2 Qd8e7
8.O-O O-O
9.a4 Nb8c6
10.c3 e5
11.Bf4g3 Nf6h5
12.Bg3h2 e4
13.Nf3g5 h6
14.Be2xh5 gxh5
15.Ng5h3 Qe7xh4
16.Nh3f4 Nc6e7
17.Qd1b3 Kh7
18.Qb3c4 c6
19.Qc4b4 d5
20.c4 Ne7g6
21.Nf4xg6 Kxg6
22.cxd5 cxd5
23.Qb4d6 Qh4f6
24.Qd6xd5 Rf8d8
25.Qd5b5 b6
26.Bh2c7 Rd8g8
27.Rf1c1 Kh7
28.Bc7e5 Qf6g5
29.Rc1c7 Bc8e6
30.d5 Ra8d8
31.dxe6 Rd8xd2
32.Ra1c1 Rd2d8
33.Rc7xa7 Kh8
34.Ra7f7 Bg7xe5
35.Qb5xe5 Rg8g7
36.g3 { resign }
1-0

[Event "Match"]
[Site "www.echecsemail.com"]
[Date "2015.12.31"]
[Round "1"]
[White "Calponas"]
[Black "Tonino1"]
[WhiteElo "2090"]
[BlackElo "1990"]
[Result "1-0"]
[Round "1"]
1.d4 Ng8f6
2.f4 g6
3.Nb1c3 Bf8g7
4.e4 d6
5.h3 O-O
6.Ng1f3 c6
7.a4 a5
8.Bc1e3 Qd8c7
9.Bf1c4 Nf6d7
10.O-O e5
11.fxe5 dxe5
12.d5 cxd5
13.Bc4xd5 Nb8a6
14.Qd1d2 Nd7b6
15.Be3h6 Nb6xd5
16.Nc3xd5 Qc7d8
17.Bh6xg7 Kxg7
18.Nf3xe5 Bc8e6
19.Ne5g4 Ra8c8
20.Qd2h6 Kh8
21.Ng4f6 { resign }
1-0